الوردية الثانية في حياة المرأة العاملة : (Record no. 14687)
[ view plain ]
| 000 -الفاتح | |
|---|---|
| حقل البيانات ثابتة الطول | 01131nam a22002177a 4500 |
| 008 - عناصر البيانات ثابتة الطول - معلومات عامة | |
| حقل البيانات ثابتة الطول | 100823s1994 xxu||||| |||| 00| 0 ara d |
| 020 ## - الرقم الدولى المعيارى للكتب | |
| الرقم الدولى المعيارى للكتاب | 9775107733 |
| 082 ## - رقم تصنيف ديوى العشرى | |
| رقم الطبعة | 22 |
| رقم التصنيف | 301.4 |
| رقم المادة | هـ و ك |
| 100 1# - المدخل الرئيسى - إسم شخصى | |
| 9 (RLIN) | 17630 |
| الإسم الشخصى | هو كستشايلد ، أرلى |
| 245 ## - بيان العنوان | |
| العنوان | الوردية الثانية في حياة المرأة العاملة : |
| بيان المسئوليه,etc | أرلى هو كستشايلد ، آن ماشنج ؛ ترجمة عزة عبد الفتاح الجوهرى ؛ مراجعة نيفين غراب |
| 260 ## - PUBLICATION, DISTRIBUTION, ETC. (IMPRINT) | |
| مكان الناشر او الموزع | القاهرة : |
| اسم الناشر او الموزع | الدار الدولية للنشر والتوزيع ، |
| تاريخ النشر أو التوزيع | 1994. |
| 300 ## - الوصف المادى | |
| التعداد | 408 ص؛ |
| أبعاد الوعاء | 24 سم. |
| 504 ## - تبصرة ببليوجرافية | |
| تبصرة ببليوجرافية,الخ | يحتوى على إرجاعات ببليوجرافية |
| 541 ## - تبصرة المصدر المباشر للتزويد | |
| مصدر التزويد | ألف باء ؛ |
| طريقة التزويد | شراء ؛ |
| 650 ## - المدخل الاضافى بالموضوع-مصطلح موضوعى | |
| 9 (RLIN) | 17635 |
| مصطلح موضوعي أو اسم جغرافي كعنصر مدخل | المرأة العاملة |
| 700 ## - المدخل الاضافى - اسم شخصى | |
| 9 (RLIN) | 17631 |
| الإسم الشخصى | ماشنج ، آن |
| 700 ## - المدخل الاضافى - اسم شخصى | |
| 9 (RLIN) | 17632 |
| الإسم الشخصى | الجوهرى ، عزة عبد الفتاح |
| الدور | ترجمة |
| 700 ## - المدخل الاضافى - اسم شخصى | |
| 9 (RLIN) | 17634 |
| الإسم الشخصى | غراب ، نيفين |
| الدور | مراجعة |
| 942 ## - عناصر المدخل الإضافي( كوها) | |
| مصدر التصنيف او مخطط الترفيف | Dewey Decimal Classification |
| Koha [default] item type | Book - Borrowing |
| حالة التراجع | حالة الفقد | مصدر التصنيف او خطة الترفيف | حالة تلف | ليس للاعارة | مجموعات كوها | المكان الدائم | المكان الحالي | موقع الترفيف | تاريخ الاكتساب | Source of acquisition | رقم الاستدعاء | الباركود | Date last seen | نوع الوعاء |
|---|---|---|---|---|---|---|---|---|---|---|---|---|---|---|
| Dewey Decimal Classification | Alef-Baa | Central Library | Central Library | First floor | 23/08/2010 | 301.4 هـ و ك | 000021731 | 15/07/2025 | Book - Borrowing |